An Introduction to International Economics New Perspectives on the World Economy
Enregistré dans:
| Auteur principal: | |
|---|---|
| Format: | Livre |
| Langue: | anglais |
| Publié: |
Cambridge
Cambridge University Press
2021
|
| Édition: | 2nd Edition |
| Sujets: | |
| Tags: |
Pas de tags, Soyez le premier à ajouter un tag!
|
MARC
| LEADER | 00000nam a2200000 4500 | ||
|---|---|---|---|
| 001 | 0302818 | ||
| 005 | 20240806083913.6 | ||
| 020 | |a 978-1-108-45516-9 | ||
| 020 | |a 978-1-108-47005-6 | ||
| 041 | 0 | |a eng | |
| 044 | |a GB | ||
| 245 | 1 | 0 | |a An Introduction to International Economics |b New Perspectives on the World Economy |c Kenneth A. Reinert |
| 250 | |a 2nd Edition | ||
| 264 | 1 | |a Cambridge |b Cambridge University Press |c 2021 | |
| 300 | |a 553 s. | ||
| 610 | 2 | 0 | |a hospodárstvo svetové |
| 610 | 2 | 0 | |a obchod medzinárodný |
| 610 | 2 | 0 | |a Svetová obchodná organizácia |
| 610 | 2 | 0 | |a podnikanie medzinárodné |
| 610 | 2 | 0 | |a investície priame zahraničné |
| 610 | 2 | 0 | |a reťazce hodnotové globálne |
| 610 | 2 | 0 | |a migrácia |
| 610 | 2 | 0 | |a financie medzinárodné |
| 610 | 2 | 0 | |a kurz výmenný |
| 610 | 2 | 0 | |a systém menový medzinárodný |
| 610 | 2 | 0 | |a hospodárstvo otvorené |
| 100 | 1 | |a Reinert, Kenneth A. | |